[Event "2nd Sharjah Masters 2018"]
[Site "Sharjah UAE"]
[Date "2018.04.17"]
[Round "7.15"]
[White "Aradhya, Garg"]
[Black "Tabatabaei, M.amin"]
[Result "0-1"]
[BlackTitle "IM"]
[WhiteElo "2218"]
[BlackElo "2605"]
[WhiteFideId "25006746"]
[BlackFideId "12521213"]
[EventDate "2018.04.12"]

1. e4 g6 2. d4 Bg7 3. Nf3 d6 4. Bc4 Nf6 5. Qe2 O-O 6. O-O c6 7. Bb3 b5 8. e5 Nd5
9. Rd1 Bg4 10. Nbd2 dxe5 11. dxe5 Nd7 12. h3 Bxf3 13. Nxf3 e6 14. a4 a6 15. Bd2
Qc7 16. Re1 Rfb8 17. a5 c5 18. c4 bxc4 19. Bxc4 Rxb2 20. Bxd5 exd5 21. e6 Nf8
22. Ng5 fxe6 23. Nxe6 Nxe6 24. Qxe6+ Qf7 25. Rad1 c4 26. Qd6 c3 27. Be3 c2 28.
Rxd5 Rb1 29. Rf1 Rf8 30. Rc5 Bh6 31. Qd3 Rb3 32. Rc3 Rxc3 33. Qxc3 Bxe3 34. Qxe3
Rd8 35. Qc3 Qf5 36. Qb3+ Kg7 37. Qc3+ Kh6 38. Qe3+ Qg5 39. Qc3 Qd2 40. Qc7 Rf8
41. Qc4 Rf4 42. Qc5 Rf5 43. Qc4 Rxa5 44. Kh2 0-1

[Event "2nd Sharjah Masters 2018"]
[Site "Sharjah UAE"]
[Date "2018.04.17"]
[Round "7.16"]
[White "Vishnu Prasanna, V"]
[Black "Kowsarinia, Amir"]
[Result "1-0"]
[WhiteTitle "GM"]
[BlackTitle "FM"]
[WhiteElo "2510"]
[BlackElo "2316"]
[WhiteFideId "5030692"]
[BlackFideId "12500089"]
[EventDate "2018.04.12"]

1. e4 c5 2. Nf3 Nc6 3. d4 cxd4 4. Nxd4 e5 5. Nb5 a6 6. Nd6+ Bxd6 7. Qxd6 Qf6 8.
Qd2 Nge7 9. Nc3 d6 10. f3 Nd4 11. Qf2 Be6 12. Be3 Rc8 13. O-O-O Nec6 14. Kb1 O-O
15. a3 Qd8 16. Qd2 b5 17. Nd5 f5 18. Bd3 f4 19. Bf2 Bf7 20. c3 Nb3 21. Qe2 Ne7
22. Bh4 Bxd5 23. exd5 Nc5 24. Bc2 Qe8 25. Rhe1 Qf7 26. Bf2 Rc7 27. b4 Nd7 28.
Qd3 g6 29. Bb3 Rb8 30. Kb2 Nc8 31. Rc1 Ndb6 32. Re4 Kg7 33. g3 fxg3 34. hxg3 Ne7
35. f4 Nc4+ 36. Bxc4 bxc4 37. Rxc4 Rxc4 38. Qxc4 Rc8 39. Qxa6 Qxd5 40. fxe5 Rf8
41. Qa7 Kg8 42. exd6 Nc6 43. Qc5 Qe4 44. Bd4 h5 45. d7 Qe6 46. b5 Rb8 47. Qxc6
Qe2+ 48. Ka1 1-0

[Event "2nd Sharjah Masters 2018"]
[Site "Sharjah UAE"]
[Date "2018.04.17"]
[Round "7.17"]
[White "Mullick, Raahil"]
[Black "Narayanan, S.L."]
[Result "0-1"]
[WhiteTitle "CM"]
[BlackTitle "GM"]
[WhiteElo "2053"]
[BlackElo "2568"]
[WhiteFideId "35080350"]
[BlackFideId "5058422"]
[EventDate "2018.04.12"]

1. e4 e5 2. Nf3 Nc6 3. Bb5 a6 4. Ba4 d6 5. O-O Bd7 6. c3 g6 7. d4 Bg7 8. Re1 Nf6
9. Nbd2 O-O 10. Nf1 b5 11. Bc2 exd4 12. cxd4 Bg4 13. Be3 Nd7 14. Ng3 Qf6 15. Ne2
Bxf3 16. gxf3 Qxf3 17. Ng3 Qf6 18. Qg4 Nb6 19. Nf5 gxf5 20. exf5 Nxd4 21. Be4
Rae8 22. Kh1 Rxe4 23. Qxe4 d5 24. Qg2 Nc2 25. Bg5 Nxe1 26. Rxe1 Qxf5 27. Rg1 Kh8
28. Bf4 Qg6 29. Qf3 Qe4 30. Qxe4 dxe4 31. Bxc7 Nd5 0-1

[Event "2nd Sharjah Masters 2018"]
[Site "Sharjah UAE"]
[Date "2018.04.17"]
[Round "7.18"]
[White "Sidhant, Mohapatra"]
[Black "Kravtsiv, Martyn"]
[Result "1/2-1/2"]
[WhiteTitle "IM"]
[BlackTitle "GM"]
[WhiteElo "2382"]
[BlackElo "2680"]
[WhiteFideId "5028698"]
[BlackFideId "14113147"]
[EventDate "2018.04.12"]

1. e4 e5 2. Nf3 Nc6 3. Bb5 a6 4. Ba4 Nf6 5. d3 b5 6. Bb3 Be7 7. a4 b4 8. Nbd2 d6
9. O-O O-O 10. h3 Rb8 11. Re1 Be6 12. Bxe6 fxe6 13. c3 Nd7 14. d4 bxc3 15. bxc3
exd4 16. cxd4 Bf6 17. Nb3 Qe8 18. Ba3 Rxb3 19. Qxb3 Nxd4 20. Nxd4 Bxd4 21. Ra2
Qg6 22. Bc1 Ne5 23. Kf1 c5 24. Be3 c4 25. Qd1 Bc3 26. Bd2 Bd4 27. Be3 Bc3 28.
Bd2 Bxd2 29. Rxd2 Qg3 30. Kg1 Qg5 31. Re3 Nd3 32. Rdxd3 cxd3 33. Qxd3 Qf6 34.
Rf3 Qa1+ 35. Kh2 Rxf3 36. gxf3 Qxa4 37. Qxd6 Qc4 38. Qd8+ Kf7 39. Qd7+ Kg6 40.
Qe8+ Kh6 41. Qe7 Kg6 42. Qe8+ Kh6 43. Qe7 Kg6 1/2-1/2

[Event "2nd Sharjah Masters 2018"]
[Site "Sharjah UAE"]
[Date "2018.04.17"]
[Round "7.19"]
[White "Hejazipour, Mitra"]
[Black "Petrosyan, Manuel"]
[Result "0-1"]
[WhiteTitle "WGM"]
[BlackTitle "GM"]
[WhiteElo "2304"]
[BlackElo "2560"]
[WhiteFideId "12505951"]
[BlackFideId "13300857"]
[EventDate "2018.04.12"]

1. d4 Nf6 2. c4 e6 3. Nc3 Bb4 4. Bd2 b6 5. g3 Bb7 6. Nf3 Bxf3 7. exf3 O-O 8. Be2
d5 9. a3 Bxc3 10. Bxc3 dxc4 11. Bxc4 Nd5 12. O-O Nc6 13. h4 Qd6 14. f4 Nxc3 15.
bxc3 Na5 16. Be2 c5 17. Qa4 cxd4 18. Rfd1 e5 19. Bf3 Rac8 20. fxe5 Qxe5 21. Qxd4
Qxd4 22. cxd4 Rc3 23. Kg2 Nb3 24. Ra2 Rd8 25. Re2 Kf8 26. Re3 Rxe3 27. fxe3 Rc8
28. Be4 h6 29. Kf3 Ke7 30. Kf4 Na5 31. g4 Rc3 32. Rd3 Rc1 33. Bd5 b5 34. e4 Nc4
35. Rb3 a6 36. a4 Nb6 37. Bb7 Rf1+ 38. Kg3 Nxa4 39. Bxa6 Rd1 40. Rb4 Nc3 41. Kf3
Rd3+ 42. Kf4 Kd6 43. g5 Ne2+ 44. Kf5 Nxd4+ 45. Kg4 Kc5 46. Rb2 hxg5 47. hxg5 Kb6
48. Bc8 Rc3 49. Rd2 Rxc8 50. Rxd4 Rc4 51. Rd7 Rc7 52. Rd5 Kc6 53. Kf5 Rd7 54. g6
fxg6+ 55. Ke6 Rb7 56. Rd1 b4 57. Rc1+ Kb5 58. e5 b3 59. Kd6 b2 60. Rb1 Kc4 61.
e6 Kb3 62. e7 Rb8 63. Kc7 Ra8 64. Rf1 Ka2 65. Rf8 Ra7+ 66. Kd6 b1=Q 67. e8=Q
Qd3+ 68. Ke5 Qe3+ 69. Kd6 Qd4+ 70. Ke6 Qc4+ 71. Kd6 Ra6+ 72. Ke5 Ra5+ 73. Kd6
Rd5+ 0-1

[Event "2nd Sharjah Masters 2018"]
[Site "Sharjah UAE"]
[Date "2018.04.17"]
[Round "7.20"]
[White "Dixit, Nikhil"]
[Black "Puranik, Abhimanyu"]
[Result "1/2-1/2"]
[BlackTitle "GM"]
[WhiteElo "2285"]
[BlackElo "2520"]
[WhiteFideId "5059534"]
[BlackFideId "5061245"]
[EventDate "2018.04.12"]

1. e4 c5 2. Nf3 e6 3. d4 cxd4 4. Nxd4 a6 5. Nc3 Qc7 6. Bd3 Nf6 7. O-O Be7 8. Kh1
d6 9. f4 Nbd7 10. Qf3 b5 11. a3 Bb7 12. Qg3 O-O 13. Bd2 Nc5 14. Rae1 Kh8 15. Qh3
Rac8 16. b4 Nxd3 17. cxd3 Ng8 18. f5 Bf6 19. Nde2 Qd7 20. fxe6 Qxe6 21. Qe3 Ne7
22. Nd4 Bxd4 23. Qxd4 f5 24. Qb6 Qd7 25. Qd4 Nc6 26. Qe3 Ne5 27. Qh3 Ng4 28. Rf4
g6 29. Ref1 Qg7 30. Nd1 Rc2 31. Bc3 Rxc3 32. Nxc3 Qxc3 33. exf5 gxf5 34. Qxg4
fxg4 35. Rxf8+ Kg7 36. R8f7+ Kg6 37. Rxb7 Qxa3 38. Rbf7 Qxd3 39. R7f4 Kg5 40. g3
d5 41. Re1 Qc3 42. Rd1 Kh6 43. Rdd4 Qc1+ 44. Kg2 Qb2+ 45. Kg1 Qa1+ 46. Kg2 Qb2+
47. Kg1 Qa1+ 1/2-1/2

[Event "2nd Sharjah Masters 2018"]
[Site "Sharjah UAE"]
[Date "2018.04.17"]
[Round "7.21"]
[White "Raahul, V S"]
[Black "Gagare, Shardul"]
[Result "1/2-1/2"]
[BlackTitle "GM"]
[WhiteElo "2258"]
[BlackElo "2502"]
[WhiteFideId "25035525"]
[BlackFideId "5037883"]
[EventDate "2018.04.12"]

1. c4 c6 2. d4 d5 3. Nf3 Nf6 4. g3 Bg4 5. Ne5 Bf5 6. cxd5 cxd5 7. Nc3 Nc6 8. f3
Nd7 9. Nxc6 bxc6 10. e4 Be6 11. Bg2 g6 12. O-O dxe4 13. fxe4 Bc4 14. Rf2 Bg7 15.
Be3 O-O 16. Rc1 Nb6 17. Rd2 Rc8 18. Na4 Bb5 19. Nxb6 Qxb6 20. Qb3 Qa5 21. a4 Ba6
22. Qc3 Qxa4 23. b3 Qb5 24. e5 Qb8 25. Ra2 Bb5 26. Qc5 Rc7 27. e6 fxe6 28. Bh3
Qb6 29. Bxe6+ Kh8 30. Qxb6 axb6 1/2-1/2

[Event "2nd Sharjah Masters 2018"]
[Site "Sharjah UAE"]
[Date "2018.04.17"]
[Round "7.23"]
[White "Poormosavi, Seyed Kian"]
[Black "Darini, Pouria"]
[Result "0-1"]
[BlackTitle "GM"]
[WhiteElo "2218"]
[BlackElo "2478"]
[WhiteFideId "12585807"]
[BlackFideId "12502200"]
[EventDate "2018.04.12"]

1. e4 c5 2. Nf3 d6 3. d4 cxd4 4. Nxd4 Nf6 5. Nc3 Nc6 6. Bg5 e6 7. Bb5 Bd7 8. O-O
Be7 9. Qd2 h6 10. Bh4 a6 11. Ba4 b5 12. Bxb5 axb5 13. Ndxb5 Qb8 14. Rfd1 O-O 15.
Nxd6 Qxb2 16. Rab1 Qa3 17. Nc4 Qc5 18. Nb6 Ne5 19. Nxa8 Rxa8 20. Qd4 Qxd4 21.
Rxd4 Bc5 22. Rd2 Bc6 23. Re2 Nc4 24. Bxf6 gxf6 25. a4 Bd4 26. Rb4 Bxc3 27. Rxc4
Bb5 28. Rxc3 Bxe2 29. Ra3 Ra5 30. h4 Kf8 31. f3 Bb5 32. Rb3 Bxa4 33. Ra3 Ra6 34.
Kf2 Bb5 35. Rb3 Bc6 36. Rb8+ Ke7 37. Kg3 Ra2 38. Kg4 Rxc2 39. g3 Rc5 40. Rh8 f5+
41. exf5 Rxf5 42. f4 h5+ 0-1

[Event "2nd Sharjah Masters 2018"]
[Site "Sharjah UAE"]
[Date "2018.04.17"]
[Round "7.24"]
[White "Iniyan, P"]
[Black "Maroroa, Sue"]
[Result "1-0"]
[WhiteTitle "IM"]
[BlackTitle "WIM"]
[WhiteElo "2466"]
[BlackElo "2102"]
[WhiteFideId "25002767"]
[BlackFideId "4301498"]
[EventDate "2018.04.12"]

1. d4 Nf6 2. c4 g6 3. Nc3 Bg7 4. e4 d6 5. Nf3 O-O 6. Be2 e5 7. O-O Nc6 8. d5 Ne7
9. a4 a5 10. Ne1 Nd7 11. Nd3 f5 12. f3 f4 13. b3 c5 14. dxc6 bxc6 15. Ba3 c5 16.
Nb5 Ra6 17. Nc1 Rf6 18. Ra2 Bb7 19. Rd2 Qb8 20. Na2 g5 21. Nac3 Kh8 22. Nd5 Bxd5
23. cxd5 Ra8 24. Bb2 Qb6 25. Rf2 Nb8 26. Na3 Na6 27. Bxa6 Rxa6 28. Nc4 Qc7 29.
Bxe5 Rg6 30. Bxg7+ Rxg7 31. e5 Nf5 32. exd6 Rxd6 33. Nxd6 Qxd6 34. Qc2 Nd4 35.
Qc4 Nf5 36. Qe4 Ne3 37. Qe6 Rg6 38. Qxd6 Rxd6 39. Rfe2 Kg7 40. Re1 c4 41. bxc4
Nxc4 42. Rc2 Ne3 43. Rc7+ 1-0

[Event "2nd Sharjah Masters 2018"]
[Site "Sharjah UAE"]
[Date "2018.04.17"]
[Round "7.25"]
[White "Sundararajan, Kidambi"]
[Black "Al Hosani, Omran"]
[Result "1-0"]
[WhiteTitle "GM"]
[BlackTitle "FM"]
[WhiteElo "2436"]
[BlackElo "2101"]
[WhiteFideId "5005370"]
[BlackFideId "9308733"]
[EventDate "2018.04.12"]

1. d4 Nf6 2. Nf3 g6 3. Bg5 Bg7 4. c3 d5 5. Nbd2 c6 6. e3 Bf5 7. Be2 O-O 8. O-O
Nbd7 9. h3 h6 10. Bf4 Qb6 11. Qb3 Ne4 12. Nxe4 Bxe4 13. Nd2 e5 14. dxe5 Nxe5 15.
Nxe4 dxe4 16. Rfd1 Rad8 17. Rd4 Nd3 18. Qxb6 axb6 19. Rxd8 Rxd8 20. Bc7 Rd5 21.
Bxd3 exd3 22. Rd1 b5 23. Bb6 b4 24. c4 Rd7 25. Bd4 Rd8 26. Bxg7 Kxg7 27. Kf1 c5
28. Ke1 Kf6 29. Kd2 Ke5 30. a3 f5 31. axb4 cxb4 32. Ra1 Kd6 33. Ra5 Kc6 34. Rd5
Ra8 35. Rb5 Rd8 36. Rxb4 Kc5 37. Rxb7 Kxc4 38. Rb6 Rg8 39. b3+ Kc5 40. Ra6 Kb4
41. Kxd3 Kxb3 42. Rb6+ Ka4 43. Kd4 Ka5 44. Rd6 Kb5 45. g4 fxg4 46. hxg4 h5 47.
gxh5 gxh5 48. Rd5+ Kc6 49. Rxh5 Kd6 50. f4 Rf8 51. Rh6+ Kd7 52. Kd5 Rf5+ 53. Ke4
Rf8 54. f5 Ke7 1-0

[Event "2nd Sharjah Masters 2018"]
[Site "Sharjah UAE"]
[Date "2018.04.17"]
[Round "7.26"]
[White "Ashwath, R."]
[Black "Sindarov, Javokhir"]
[Result "0-1"]
[BlackTitle "IM"]
[WhiteElo "2250"]
[BlackElo "2431"]
[WhiteFideId "5021049"]
[BlackFideId "14205483"]
[EventDate "2018.04.12"]

1. d4 d5 2. Nf3 c6 3. g3 Nf6 4. Bg2 Bf5 5. Nh4 Be4 6. f3 Bg6 7. Nxg6 hxg6 8. e4
dxe4 9. fxe4 e5 10. c3 Nbd7 11. Be3 Bd6 12. Nd2 exd4 13. cxd4 Rxh2 14. Qf3 Rxh1+
15. Bxh1 Qa5 16. Kf2 Bc7 0-1

[Event "2nd Sharjah Masters 2018"]
[Site "Sharjah UAE"]
[Date "2018.04.17"]
[Round "7.27"]
[White "Bhambure, Shantanu"]
[Black "Rajdeep, Sarkar"]
[Result "1-0"]
[BlackTitle "FM"]
[WhiteElo "2155"]
[BlackElo "2393"]
[WhiteFideId "5025931"]
[BlackFideId "25007963"]
[EventDate "2018.04.12"]

1. d4 e6 2. c4 b6 3. a3 Bb7 4. Nc3 f5 5. d5 Nf6 6. g3 Na6 7. Nh3 Bd6 8. Bf4 e5
9. Bc1 c6 10. Bg2 Qe7 11. e4 f4 12. gxf4 exf4 13. Bxf4 Bxf4 14. Nxf4 O-O 15. O-O
Nxe4 16. Nxe4 Rxf4 17. d6 Qh4 18. Qd3 Raf8 19. Rae1 Nc5 20. Nxc5 bxc5 21. Re4 a5
22. a4 Rxe4 23. Bxe4 Rf6 24. f3 Rh6 25. Qd2 Qf6 26. Rd1 Qe5 27. b3 Kf7 28. Kh1
Kf8 29. Kg1 Rh4 30. Qf2 Qf4 31. Qg3 g5 32. Kg2 Kf7 33. Qxf4+ gxf4 34. Bf5 Bc8
35. Re1 Rh6 36. Re7+ Kf8 37. Rxh7 Rxh7 38. Bxh7 Kf7 39. h4 Ke6 40. h5 Kxd6 41.
h6 Ke7 42. Bf5 Kf7 43. Kh3 Ba6 44. h7 Kg7 45. Bxd7 Kxh7 46. Kg4 Kg6 47. Kxf4 Kf6
48. Bxc6 Bc8 49. Ke4 Be6 50. Bb7 Bf7 51. Bc8 Bg8 52. Bh3 Bf7 53. f4 Bg8 54. Bg4
Bf7 55. Bc8 Bg8 56. Bb7 Be6 57. Bc6 Bg8 58. f5 Bf7 59. Bd5 Bh5 60. Be6 Bd1 61.
Kd5 Bxb3 62. Bd7 Bc2 63. Kxc5 Ke7 64. Bb5 Bxf5 65. Kb6 Kd8 66. Kb7 Be4+ 67. Kb8
Ke7 68. c5 Bf5 69. c6 Kd6 70. c7 1-0

[Event "2nd Sharjah Masters 2018"]
[Site "Sharjah UAE"]
[Date "2018.04.17"]
[Round "7.29"]
[White "Viani, Antonio Dcunha"]
[Black "Abou El Zein, Eid Mahmoud"]
[Result "0-1"]
[WhiteTitle "IM"]
[BlackTitle "IM"]
[WhiteElo "2435"]
[BlackElo "2156"]
[WhiteFideId "5027330"]
[BlackFideId "10600078"]
[EventDate "2018.04.12"]

1. e4 c5 2. Nc3 Nc6 3. Bb5 Nd4 4. Ba4 a6 5. Bb3 d6 6. Nge2 Nf6 7. O-O e6 8. Nxd4
cxd4 9. Ne2 Nxe4 10. Nxd4 Nc5 11. Re1 Be7 12. Nf3 b5 13. d4 Nxb3 14. axb3 Bb7
15. Be3 Rc8 16. Nd2 O-O 17. c4 Qd7 18. Qe2 Bd8 19. Rec1 Bc7 20. Qd3 f5 21. f3
Rf6 22. d5 exd5 23. cxb5 axb5 24. Bd4 Re6 25. Nf1 f4 26. Qf5 Rce8 27. Qxf4 Bd8
28. Ne3 Bf6 29. Nc2 Be5 30. Qd2 Qf7 31. Re1 Qf6 32. Rf1 Rc8 33. Bxe5 dxe5 34.
Nb4 d4 35. Ra7 Re7 36. Re1 Qe6 37. Qd3 Qd6 38. Qxb5 Rc5 39. Qa4 d3 40. Nxd3 Rc2
41. Qb4 Qg6 42. Nf2 Bxf3 43. g3 Re8 44. Qb5 Bc6 45. Qb4 Qf5 46. Re2 Qf3 0-1

[Event "2nd Sharjah Masters 2018"]
[Site "Sharjah UAE"]
[Date "2018.04.17"]
[Round "7.33"]
[White "Sun, Chao"]
[Black "El Jawich, Amro"]
[Result "1/2-1/2"]
[BlackTitle "FM"]
[WhiteElo "2041"]
[BlackElo "2254"]
[WhiteFideId "8622990"]
[BlackFideId "5300380"]
[EventDate "2018.04.12"]

1. Nf3 d6 2. d4 g6 3. g3 Bg7 4. Bg2 Nf6 5. b3 c5 6. Bb2 cxd4 7. Nxd4 d5 8. O-O
O-O 9. Nf3 Nc6 10. Nbd2 Re8 11. Ne5 Qc7 12. Nxc6 bxc6 13. c4 e5 14. cxd5 cxd5
15. Rc1 Qb8 16. Re1 a5 17. Nb1 a4 18. Nc3 axb3 19. axb3 d4 20. Nd5 Ra2 21. Ba1
Be6 22. e4 Rd8 23. b4 Nxd5 24. exd5 Bxd5 25. Bxd5 Rxd5 26. Qb3 Qa8 27. b5 Ra5
28. Rc8+ Qxc8 29. Qxd5 Qa8 30. Qxa8+ Rxa8 31. f4 e4 32. b6 f5 33. b7 Rb8 34. Rb1
d3 35. Bxg7 Kxg7 36. Kf2 Kf7 37. Ke3 Ke6 38. g4 Kd6 39. gxf5 gxf5 40. Rb5 Kc6
41. Rxf5 Rxb7 42. Re5 Rd7 43. Kd2 Rd4 44. f5 Kd6 45. Re8 Kd7 46. Re5 Rc4 47. f6
Rc2+ 48. Kd1 Rf2 49. Rxe4 Rxf6 50. Rd4+ Rd6 51. Rxd6+ 1/2-1/2

[Event "2nd Sharjah Masters 2018"]
[Site "Sharjah UAE"]
[Date "2018.04.17"]
[Round "7.37"]
[White "Tahbaz, Arash"]
[Black "Bommini, Mounika Akshaya"]
[Result "1-0"]
[WhiteTitle "IM"]
[BlackTitle "WFM"]
[WhiteElo "2434"]
[BlackElo "1831"]
[WhiteFideId "12528846"]
[BlackFideId "25019872"]
[EventDate "2018.04.12"]

1. e4 e5 2. Nf3 Nc6 3. Bb5 a6 4. Ba4 Nf6 5. O-O Be7 6. Re1 b5 7. Bb3 d6 8. c3
O-O 9. h3 Nb8 10. d4 Nbd7 11. Nbd2 Bb7 12. Bc2 Re8 13. Nf1 Bf8 14. Ng3 g6 15. a4
c5 16. d5 c4 17. Bg5 Be7 18. Qd2 Nc5 19. Be3 Nfd7 20. a5 Bc8 21. Rf1 Nb7 22. Nh2
Ndc5 23. f4 exf4 24. Rxf4 Bg5 25. Rf2 Bxe3 26. Qxe3 Qe7 27. Raf1 Rf8 28. Rf6 Qe5
29. R1f4 Ra7 30. Nf3 Qe8 31. Rh4 Nd7 32. Qh6 Nxf6 33. e5 dxe5 34. Nh5 gxh5 35.
Qg5+ 1-0

[Event "2nd Sharjah Masters 2018"]
[Site "Sharjah UAE"]
[Date "2018.04.17"]
[Round "7.38"]
[White "Krithigga, K"]
[Black "Grivas, Efstratios"]
[Result "0-1"]
[BlackTitle "GM"]
[WhiteElo "2003"]
[BlackElo "2468"]
[WhiteFideId "25013505"]
[BlackFideId "4200039"]
[EventDate "2018.04.12"]

1. c4 g6 2. g3 Bg7 3. Bg2 d6 4. Nc3 e5 5. Nf3 Nd7 6. O-O Ne7 7. d3 O-O 8. Rb1 a5
9. a3 c6 10. b4 axb4 11. axb4 d5 12. Qb3 d4 13. Ne4 Nf6 14. Rd1 Nxe4 15. dxe4
Be6 16. Ng5 Bg4 17. Bf1 h6 18. h3 Bd7 19. Nf3 c5 20. Re1 cxb4 21. Qxb4 Nc6 22.
Qd6 Qc8 23. e3 Rd8 24. Qc5 Ra6 25. Qb5 Na5 26. Qb2 d3 27. Bxd3 Bxh3 28. Be2 Rc6
29. Nd2 Be6 30. f3 Rd7 31. Nb3 Nxc4 32. Bxc4 Rxc4 33. Na1 Ra4 34. Qb5 Ra2 35.
Bb2 Rd2 36. Qb4 Rd3 37. Rbc1 Qd8 38. Bc3 Qg5 39. g4 Qh4 40. Rc2 Qg3+ 41. Kh1
Qxf3+ 42. Kh2 Rxc2+ 43. Nxc2 Qf2+ 44. Kh1 Qxc2 45. Ba1 Rd2 0-1

[Event "2nd Sharjah Masters 2018"]
[Site "Sharjah UAE"]
[Date "2018.04.18"]
[Round "8.1"]
[White "Maghsoodloo, Parham"]
[Black "Safarli, Eltaj"]
[Result "1/2-1/2"]
[WhiteTitle "GM"]
[BlackTitle "GM"]
[WhiteElo "2615"]
[BlackElo "2653"]
[WhiteFideId "12539929"]
[BlackFideId "13402129"]
[EventDate "2018.04.12"]

1. Nf3 d5 2. b3 Bg4 3. e3 e5 4. Bb2 Nd7 5. h3 Bxf3 6. Qxf3 e4 7. Qe2 c6 8. d3
exd3 9. cxd3 Ngf6 10. Nd2 Bd6 11. g3 O-O 12. Bg2 a5 13. O-O a4 14. e4 axb3 15.
axb3 Rxa1 16. Rxa1 dxe4 17. dxe4 Be5 18. Nc4 Bxb2 19. Qxb2 Qe7 20. Rd1 Rb8 21.
e5 Ne8 22. Qa1 g6 23. Qa5 Nf8 24. Qa7 Qc7 25. b4 Ne6 26. Rc1 Rd8 27. Na5 Nd4 28.
Kh2 Rd7 29. f4 h5 30. Rd1 Nb5 31. Rxd7 Nxa7 32. Rxc7 Nxc7 33. Nxb7 Na6 34. Bf1
Nxb4 35. Bc4 Nd5 36. Nd8 Kf8 37. Nxc6 Nxc6 38. Bxd5 Nd4 39. Kg2 Ke7 40. Be4 Ne6
41. Kf3 Ng7 42. Bb1 Ke6 43. Ke3 Ke7 44. Bd3 Ke6 45. Kf3 Ke7 46. h4 Ke6 47. g4
hxg4+ 48. Kxg4 Ke7 49. Bc4 Nf5 50. Kg5 Ng7 51. Bd5 Kf8 52. Bb7 Ne6+ 53. Kg4 Kg7
54. Bc8 Nd4 55. Kg3 Nc6 56. Kf3 Ne7 57. Bd7 Kh6 58. Ke4 Kg7 59. Kd4 Ng8 60. Kc5
Kf8 61. Kd6 Nh6 62. Bh3 Ng8 63. Bg2 Nh6 64. Be4 Ng4 65. Kd7 Ne3 66. Bf3 Nf5 67.
h5 gxh5 68. Bxh5 Ne7 69. Kd8 Nd5 70. f5 Ne7 71. Bxf7 1/2-1/2

[Event "2nd Sharjah Masters 2018"]
[Site "Sharjah UAE"]
[Date "2018.04.18"]
[Round "8.3"]
[White "Inarkiev, Ernesto"]
[Black "Artemiev, Vladislav"]
[Result "1/2-1/2"]
[WhiteTitle "GM"]
[BlackTitle "GM"]
[WhiteElo "2680"]
[BlackElo "2701"]
[WhiteFideId "4162722"]
[BlackFideId "24101605"]
[EventDate "2018.04.12"]

1. e4 c6 2. d4 d5 3. Nc3 dxe4 4. Nxe4 Bf5 5. Ng3 Bg6 6. h4 h6 7. Nf3 e6 8. h5
Bh7 9. Bd3 Bxd3 10. Qxd3 Nf6 11. Bd2 c5 12. Ne4 Nc6 13. Bc3 Nb4 14. Bxb4 cxb4
15. Nxf6+ gxf6 16. c4 Qc7 17. O-O Rg8 18. c5 O-O-O 19. a3 Qc6 20. Rfd1 b3 21.
Qxb3 Rd5 22. Rac1 Rxh5 23. d5 Rxd5 24. Rxd5 Qxd5 25. Qxd5 exd5 26. b4 Rg4 27.
Rd1 Rc4 28. Rxd5 a5 29. Nd2 Rc3 30. c6 axb4 31. cxb7+ Kxb7 32. axb4 Rc1+ 33. Nf1
Kc7 34. Rf5 Be7 35. g3 Rb1 36. b5 Kb6 37. Kg2 Rxb5 38. Ne3 Rxf5 39. Nxf5 Bf8 40.
Kf3 Kc6 41. Ke4 h5 42. Nd4+ Kd7 43. Kd5 Bb4 44. Nf5 Be1 45. f4 Kc7 46. Ke4 Kc6
47. Ke3 Kd5 48. Kf3 Bb4 49. Ng7 Bf8 50. Nxh5 f5 51. g4 1/2-1/2

[Event "2nd Sharjah Masters 2018"]
[Site "Sharjah UAE"]
[Date "2018.04.18"]
[Round "8.4"]
[White "Adhiban, Baskaran"]
[Black "Eljanov, Pavel"]
[Result "1/2-1/2"]
[WhiteTitle "GM"]
[BlackTitle "GM"]
[WhiteElo "2661"]
[BlackElo "2700"]
[WhiteFideId "5018471"]
[BlackFideId "14102951"]
[EventDate "2018.04.12"]

1. e4 e5 2. Nf3 Nc6 3. Bb5 Nf6 4. O-O Nxe4 5. d4 Nd6 6. Ba4 e4 7. Ne5 Be7 8. Nc3
O-O 9. Re1 a6 10. Nxe4 Nxe4 11. Rxe4 Nxe5 12. dxe5 d5 13. exd6 Bxd6 14. Bf4 Bxf4
15. Rxf4 Be6 16. Bb3 Qxd1+ 17. Rxd1 Rad8 18. Rfd4 Rxd4 19. Rxd4 Bxb3 20. axb3
Re8 21. Kf1 Kf8 22. Rd7 Re7 23. Rd8+ Re8 24. Rd7 Re7 25. Rd8+ Re8 1/2-1/2

[Event "2nd Sharjah Masters 2018"]
[Site "Sharjah UAE"]
[Date "2018.04.18"]
[Round "8.5"]
[White "Kryvoruchko, Yuriy"]
[Black "Vishnu Prasanna, V"]
[Result "1-0"]
[WhiteTitle "GM"]
[BlackTitle "GM"]
[WhiteElo "2703"]
[BlackElo "2510"]
[WhiteFideId "14109182"]
[BlackFideId "5030692"]
[EventDate "2018.04.12"]

1. e4 e5 2. Nf3 Nc6 3. Bb5 a6 4. Ba4 Nf6 5. O-O Be7 6. Re1 d6 7. c3 Bg4 8. d3
Nd7 9. Nbd2 Nc5 10. Bc2 Ne6 11. h3 Bh5 12. Nf1 Ng5 13. Bxg5 Bxg5 14. Ng3 Bxf3
15. Qxf3 O-O 16. Rad1 g6 17. d4 Bh6 18. Ba4 Qe7 19. Nf1 Bg7 20. Bxc6 bxc6 21.
Ne3 exd4 22. cxd4 Rfe8 23. Nc4 Qe6 24. b3 d5 25. exd5 Qxd5 26. Ne5 Qxf3 27. Nxf3
Rxe1+ 28. Rxe1 Rd8 29. Re7 Bxd4 30. Rxc7 Bb6 31. Rxc6 Rd1+ 32. Kh2 Bxf2 33. Rxa6
Rc1 34. Rd6 Be3 35. Kg3 f5 36. h4 Rc2 37. a4 Rc3 38. Rd8+ Kg7 39. Rd7+ Kf6 40.
Rxh7 Rxb3 41. Rc7 Rb4 42. Rc6+ Kg7 43. a5 Bf4+ 44. Kh3 Rb1 45. g4 Rb3 46. gxf5
gxf5 47. Kg2 Rb2+ 48. Kf1 Be3 49. Ke1 f4 50. a6 Rf2 51. Ne5 f3 52. Rc7+ Kg8 53.
Ng4 Re2+ 54. Kf1 Bd4 55. a7 Re8 56. Rd7 1-0

[Event "2nd Sharjah Masters 2018"]
[Site "Sharjah UAE"]
[Date "2018.04.18"]
[Round "8.6"]
[White "Naiditsch, Arkadij"]
[Black "Dimakiling, Oliver"]
[Result "1-0"]
[WhiteTitle "GM"]
[BlackTitle "IM"]
[WhiteElo "2701"]
[BlackElo "2412"]
[WhiteFideId "4650891"]
[BlackFideId "5202248"]
[EventDate "2018.04.12"]

1. e4 e5 2. Nf3 Nc6 3. Nc3 d6 4. d4 exd4 5. Nxd4 Nf6 6. Nxc6 bxc6 7. g3 Be7 8.
Bg2 O-O 9. O-O Rb8 10. Re1 Nd7 11. Ne2 c5 12. Nf4 Re8 13. Nd5 Bf8 14. b3 c6 15.
Nf4 a5 16. Nd3 Ba6 17. Bf4 Qc7 18. Nb2 h6 19. Bd2 Be7 20. Bc3 Bf6 21. Bxf6 Nxf6
22. c4 Nd7 23. Qd2 Nf8 24. Rad1 Rbd8 25. Bh3 Bb7 26. Na4 d5 27. Nxc5 dxc4 28.
Qf4 Qe7 29. Nxb7 Rxd1 30. Rxd1 Qxb7 31. bxc4 Qb2 32. Qd6 Qc2 33. c5 Ne6 34. Qd2
Qxc5 35. Rc1 Qe5 36. Bxe6 Rxe6 37. Rc4 g5 38. Kg2 Qb5 39. Rd4 Re8 40. h4 Qe5 41.
hxg5 hxg5 42. f4 gxf4 43. gxf4 Qg7+ 44. Kf3 Qh8 45. Qg2+ Kf8 46. e5 Qh4 47. Rd1
Qh5+ 48. Qg4 Qh7 49. Qg5 Qh3+ 50. Ke4 Qh2 51. Rd6 Qh1+ 52. Kf5 Qb1+ 53. Kg4 Qg1+
54. Kh5 Qh1+ 55. Qh4 Qg2 56. Rh6 Qf3+ 57. Qg4 Qh1+ 58. Kg5 Qd5 59. Rh8+ Ke7 60.
Rxe8+ Kxe8 61. Kf6 Qd8+ 62. Kg7 c5 63. f5 Qd2 64. f6 Kd8 65. e6 fxe6 66. f7 1-0